00634 2200229 4500001002100000005001700021008004100038020001800079035002400097040001200121082000800133090001500141100002500156245007800181250001100259260003200270300003000302500003100332650001400363850001200377990001500389YOGYA-0209000001834620090227022846.0 ind  a979-518-534-9 0010-020900000018346 aYOPDYOG a657 a657bTun S aTUNGGAL, Amin Wijaya aSistem informasi akuntansib(Pendekatan tanya jawab)cAmin Wijaya Tunggal aCet. 1 aJakartabRineka Ciptac1993 avii, 147 hlmbilusc21 cm aBibliografi : hlm. 144-147 aAkuntansi aYOPDYOG a98P0113234